Microsoft office 2000

Giói thiệu cuộc hành trình vào thế giới công nghệ máy tính, làm việc với hệ điều hành Windows, bộ nhớ và hệ điều hành,... internet và office 2000.

Bewaard in:
Bibliografische gegevens
Coauteur: APTECH
Formaat: Boek
Taal:Undetermined
Onderwerpen:
Tags: Voeg label toe
Geen labels, Wees de eerste die dit record labelt!
Thư viện lưu trữ: Trung tâm Học liệu Trường Đại học Cần Thơ
LEADER 00654nam a2200157Ia 4500
001 CTU_226411
008 210402s9999 xx 000 0 und d
082 |a 005.3 
082 |b A655 
110 |a APTECH 
245 0 |a Microsoft office 2000 
245 0 |c APTECH 
520 |a Giói thiệu cuộc hành trình vào thế giới công nghệ máy tính, làm việc với hệ điều hành Windows, bộ nhớ và hệ điều hành,... internet và office 2000. 
650 |a Phần mềm ứng dụng văn phòng,Microsoft Office 
910 |b nthai 
980 |a Trung tâm Học liệu Trường Đại học Cần Thơ